000 00810nam a22002417a 4500
999 _c182225
_d182225
005 20211109141559.0
010 _aB-741828
020 _a9788131757994
_c180.00
035 _aB-741828
037 _bPearson /Gift
082 _a658.45
100 _aBovee, Courtland L.
245 _aBusiness communication today /
_cby Courtland L. Bovee, John V. Thill [and] Abha Chatterjee
250 _a10th ed
260 _aNew Delhi
_bPearson
_c2013
270 _a11 Community Centre, Panchsheel Park,
_bNew Delhi
_e110017
300 _avp.:
_bill.
_c25cm(pbk)
500 _ainclude index
700 _aThill, John V.
700 _aChatterjee, Abha
942 _2ddc
_cEN
_mBOV
_h658.45